<?xml version="1.0" encoding="UTF-8"?>
<collection xmlns:xsi="http://www.w3.org/2001/XMLSchema-instance" xsi:schemaLocation="http://www.loc.gov/MARC21/slim http://www.loc.gov/standards/marcxml/schema/MARC21slim.xsd" xmlns="http://www.loc.gov/MARC21/slim">
 <record>
  <leader>00000nam a22000004a 4500</leader>
  <controlfield tag="001">UP-1685954869149607588</controlfield>
  <controlfield tag="003">Buklod</controlfield>
  <controlfield tag="005">20240323114508.0</controlfield>
  <controlfield tag="006">a     r    |||| u|</controlfield>
  <controlfield tag="007">ta</controlfield>
  <controlfield tag="008">240322s2023    ph      r     001 0 eng d</controlfield>
  <datafield tag="020" ind1=" " ind2=" ">
   <subfield code="a">9786214482719 (sb)</subfield>
  </datafield>
  <datafield tag="040" ind1=" " ind2=" ">
   <subfield code="a">DMLF</subfield>
   <subfield code="e">rda</subfield>
  </datafield>
  <datafield tag="041" ind1=" " ind2=" ">
   <subfield code="a">fil</subfield>
  </datafield>
  <datafield tag="042" ind1=" " ind2=" ">
   <subfield code="a">DMLUC</subfield>
  </datafield>
  <datafield tag="090" ind1=" " ind2=" ">
   <subfield code="a">PL 6051</subfield>
   <subfield code="b">A7355 2023</subfield>
  </datafield>
  <datafield tag="100" ind1="1" ind2=" ">
   <subfield code="a">Almario, Virgilio S.</subfield>
   <subfield code="e">author.</subfield>
  </datafield>
  <datafield tag="245" ind1="1" ind2="4">
   <subfield code="a">Ang wikang pambansa at Amerikanisasyon</subfield>
   <subfield code="b">isang kasaysayan ng pakikihamok ng Filipino para maging wikang pambansa</subfield>
   <subfield code="c">Virgilio S. Almario.</subfield>
  </datafield>
  <datafield tag="264" ind1=" " ind2="1">
   <subfield code="a">Quezon City</subfield>
   <subfield code="b">Ateneo de Manila University Press</subfield>
   <subfield code="c">[©2023]</subfield>
  </datafield>
  <datafield tag="300" ind1=" " ind2=" ">
   <subfield code="a">527 pages </subfield>
   <subfield code="c">23 cm</subfield>
  </datafield>
  <datafield tag="336" ind1=" " ind2=" ">
   <subfield code="a">text</subfield>
   <subfield code="2">rdacontent</subfield>
  </datafield>
  <datafield tag="337" ind1=" " ind2=" ">
   <subfield code="a">unmediated</subfield>
   <subfield code="2">rdamedia</subfield>
  </datafield>
  <datafield tag="338" ind1=" " ind2=" ">
   <subfield code="a">volume</subfield>
   <subfield code="2">rdacarrier</subfield>
  </datafield>
  <datafield tag="504" ind1=" " ind2=" ">
   <subfield code="a">Includes bibliographical references and index.</subfield>
  </datafield>
  <datafield tag="520" ind1=" " ind2=" ">
   <subfield code="a">Ito ay isang “kontrabidang kasaysayan” ng Filipinas. Kontrabida dahil sinisipat ang nagdaang dokumentadong kasaysayang salungat sa salaysay na pinairal ng amerikanisadong pagtanaw sa Filipino bilang Wikang Pambansa. Naniniwala ang awtor na biktima ng dominado’t amerikanisadong edukasyon ang kamulátang Filipino. Dahil dito, hindi makairal ang nasyonalistang pagtanaw sa kasaysayan. Hindi tuloy nakikíta ang halaga ng isang katutubòng wika para sa Filipinisasyon na pangarap ng mga Propagandista ng La Solidaridad at para sa adhikang mapagpalayà ng Himagsikang 1896. Ang pagpapahalaga sa isang katutubòng wikang pambansa ay labag na labag sa adhikang kolonyal ng mga Americano noong 1898. Kayâ hanggang ngayon ay patuloy na binabaluktot ng mga amerikanisado sa hanay ng mga edukadong Filipino ang totoong kasaysayan at pagbibigay ng kabuluhan sa Wikang Pambansa.-- Back cover.</subfield>
  </datafield>
  <datafield tag="546" ind1=" " ind2=" ">
   <subfield code="a">In Tagalog.</subfield>
  </datafield>
  <datafield tag="905" ind1=" " ind2=" ">
   <subfield code="a">FI</subfield>
  </datafield>
  <datafield tag="852" ind1="0" ind2=" ">
   <subfield code="a">UPD</subfield>
   <subfield code="b">DMLF</subfield>
   <subfield code="h">PL 6051</subfield>
   <subfield code="i">A7355 2023</subfield>
  </datafield>
  <datafield tag="852" ind1="0" ind2=" ">
   <subfield code="a">UPD</subfield>
   <subfield code="b">DVAR</subfield>
   <subfield code="h">PL 6051</subfield>
   <subfield code="i">A7355 2023</subfield>
  </datafield>
  <datafield tag="942" ind1=" " ind2=" ">
   <subfield code="a">Book</subfield>
  </datafield>
 </record>
</collection>
